000 00549nam a2200193 u 4500
005 20230921063700.0
008 100521s2008 mx r 000 0 spa d
020 _a9789708103398
035 _aUPN01000176010
049 _aCG
050 4 _aPQ8180.23 U8
_bR4.4
100 1 _aMutis, Alvaro,
_d1923-2013
_929702
245 1 0 _aRelatos de mar y tierra /
_cAlvaro Mutis.
260 _aMéxico :
_bRandom House Mondadori,
_c2008.
300 _a237 p.
440 0 _aContemporánea ;
_v615/3
650 4 _aLiteratura colombiana
_912879
905 _aLibro
999 _c148113
_d148113